| 000 | 01136pam a2200301 a 4500 | ||
|---|---|---|---|
| 001 | 1179 | ||
| 005 | 20260114080156.0 | ||
| 020 |
_a014034537X : _c$3.95 ($4.95 Can.) |
||
| 040 |
_aDLC _cDLC _dDLC _beng |
||
| 050 | 1 | 0 |
_aPZ7.K5893 _bPi 1980 |
| 082 | 0 | 0 |
_a823.914 _220 |
| 100 | 2 | _aKing-Smith, Dick. | |
| 245 | 1 | 0 |
_aPigs might fly : _ba novel / _cby Dick King-Smith ; drawings by Mary Rayner. |
| 260 |
_aNew York, N.Y., U.S.A. : _bPuffin Books, _c1980. |
||
| 300 |
_a158 pages. : _bIllustrations. ; _c20 cm. |
||
| 500 | _a"A ALA notable book"--P. [4] of cover. | ||
| 500 | _a"First published in Great Britain as Daggie Dogfoot by Victor Gollancz Ltd., 1980"--T.p. verso. | ||
| 505 | _aZ5 | ||
| 520 | _aA runt piglet born with deformed front feet is coached in swimming by a duck and an otter and, when the pig farm is flooded, becomes a hero. | ||
| 521 |
_a1030
_bLexile |
||
| 521 |
_aZ5
_bRaz-Plus |
||
| 650 | 1 |
_aPigs _vFiction. |
|
| 650 | 1 |
_aFarm life _vFiction. |
|
| 650 | 1 |
_aDisabilities _vFiction. |
|
| 700 | 1 |
_aRayner, Mary, _eIllustrator. |
|
| 906 |
_a7 _bcbc _corignew _d1 _eocip _f19 _gy-gencatlg |
||
| 942 |
_2ddc _cBK _n0 |
||
| 999 |
_c1179 _d1179 |
||